00938nam a22002897a 4500001000400000003000600004005001700010008004100027020001800068020001800086040003000104042000900134050002300143082001600166100001700182245007800199250004100277260003400318300003900352505000600391520013400397521001800531521001800549650002700567650002000594700003400614238FISKH20231117113334.0230309b cb ||||| |||| 00| 0 eng d a9780142410356 a9780142410356 aDLCcDLCdDLCdFISKHbeng alcac00aPZ7.D1515bGe 199800a823.9142211 aDahl, Roald.10aGeorge's marvelous medicine /cRoald Dahl ; illustrated by Quentin Blake. aIssued in this edition in 2007, 2013 aNew York bPuffin Booksc1981 a89 pages :billustrations ;c20 cm aO aGeorge decides that his grumpy, selfish old grandmother must be a witch and concocts some marvelous medicine to take care of her.1 a640 bLexile1 aO bRaz-Plus 1aGrandmothersxFiction. 1aMagicxFiction.1 aBlake, Quentin,eillustrator